000 00339nam a22001457a 4500
003 SGT
020 _a1234567145923
082 _bGUP
100 _aGUPTA, P.K
245 _aCYTOLOGY GENETICS EVOLUTION AND PLANT BREEDING
260 _aNEW DELHI
_bRASTOGI PUBLICATION
_c1998
300 _a60
650 _aAGRICULTURE
942 _2ddc
_cBK
_01
999 _c13792
_d13792